|
|
|
|
| LEADER |
00956nam a2200241 a 4500 |
| 001 |
15880992 |
| 008 |
100610s2009 nyua 000 1 eng d |
| 010 |
|
|
|a \\2009464700
|
| 020 |
|
|
|a 9780679734772 (pbk.)
|
| 040 |
|
|
|a DLC
|c DLC
|d BD-DhAAL
|
| 082 |
0 |
0 |
|a 813/.54
|2 22
|
| 100 |
1 |
|
|a Cisneros, Sandra.
|
| 245 |
1 |
4 |
|a The house on Mango Street /
|c Sandra Cisneros.
|
| 250 |
|
|
|a 2nd Vintage Comtemporaries ed., 25th anniversary ed.
|
| 260 |
|
|
|a New York :
|b Vintage Contemporaries,
|c 2009.
|
| 300 |
|
|
|a xxvii, 110 p. :
|b ill. ;
|c 21 cm.
|
| 541 |
1 |
|
|e 00020384
|
| 650 |
|
0 |
|a Mexican Americans
|v Fiction.
|
| 650 |
|
0 |
|a Girls
|v Fiction.
|
| 651 |
|
0 |
|a Chicago (Ill.)
|v Fiction.
|
| 852 |
4 |
|
|a Ayesha Abed Library
|j General Shelf
|
| 999 |
|
|
|c 8898
|d 8898
|
| 952 |
|
|
|0 0
|1 0
|2 ddc
|4 0
|6 813_540000000000000_CIS_2009
|7 0
|9 10892
|a BRACUL
|b BRACUL
|c GEN
|d 2010-06-13
|l 9
|m 23
|o 813.54 CIS
|p 3010020384
|r 2025-08-19
|s 2025-08-12
|t 1
|w 2010-06-13
|y BK
|x Transferred from ENH to Ayesha Abed library on 20/12/2023
|